مكتبة جامعة عجلون الوطنية

فهرس بحث المكتبة

الجداول الالكترونية إكسل EXCEL / (Record no. 33085)

MARC details
000 -LEADER
fixed length control field 00776nam a2200217Ii 4500
003 - CONTROL NUMBER IDENTIFIER
control field JO-AjNU
005 - DATE AND TIME OF LATEST TRANSACTION
control field 20231205100619.0
008 - FIXED-LENGTH DATA ELEMENTS--GENERAL INFORMATION
fixed length control field 230605s9999||||xx |||||||||||||| ||und||
040 ## - CATALOGING SOURCE
Original cataloging agency JO-AjNU
Language of cataloging ara
Description conventions rda
Transcribing agency JO-AjNU
041 ## - LANGUAGE CODE
Language code of text/sound track or separate title ara
100 ## - MAIN ENTRY--PERSONAL NAME
Personal name جمال عبد المعطي وآخرون
9 (RLIN) 64630
Relator term مؤلف
245 ## - TITLE STATEMENT
Title الجداول الالكترونية إكسل EXCEL /
Statement of responsibility, etc. جمال عبد المعطي
260 ## - PUBLICATION, DISTRIBUTION, ETC.
Place of publication, distribution, etc. القاهرة :
Name of publisher, distributor, etc. مجموعة كتب دلتا،
Date of publication, distribution, etc. 1996
300 ## - PHYSICAL DESCRIPTION
Extent 313 صفحه
336 ## - CONTENT TYPE
Content type term text
Content type code txt
Source rdacontent
337 ## - MEDIA TYPE
Media type term unmediated
Media type code n
Source rdamedia
338 ## - CARRIER TYPE
Carrier type term volume
Carrier type code nc
Source rdacarrier
650 ## - SUBJECT ADDED ENTRY--TOPICAL TERM
Form subdivision الحاسبات الالكترونية-برامج
700 ## - ADDED ENTRY--PERSONAL NAME
Personal name محمد فهمي طلبه
9 (RLIN) 64629
Relator term معد ومقدم
942 ## - ADDED ENTRY ELEMENTS (KOHA)
Source of classification or shelving scheme Library of Congress Classification
Koha item type Books
Holdings
Withdrawn status Lost status Source of classification or shelving scheme Damaged status Not for loan Home library Current library Shelving location Date acquired Total Checkouts Full call number Barcode Date last seen Price effective from Koha item type
    Library of Congress Classification     مكتبة جامعة عجلون الوطنية مكتبة جامعة عجلون الوطنية المجموعات العامة 06/06/2023   HF5548.E93.J32 1996 A29517 06/06/2023 06/06/2023 Books